000 00302 a2200145 4500
001 152462
040 _cEscola São Tomás de Aquino
240 1 0 _aPalavra viva 2002
_lpor
245 1 0 _aPalavra viva 2002
300 _a155
362 0 _a2002
440 1 _aPositivo
697 _aPoesia
942 _cBK
999 _c152462
_d152462